000 00690nam a2200205Ia 4500
005 20241129111300.0
008 241129s9999||||xx |||||||||||||| ||und||
037 _aTB
040 _aCRL
_bpun
_cCRL
041 _apun
_2pun
084 _aO1,3x 153R1
_qCRL
100 _aਭੀਖੀ, ਸਤਪਾਲ, ੳਗ।
245 0 _aਚੋਣਵੀਆਂ ਵਿਸ਼ਵ ਕਹਾਣੀਆਂ
_cਭੀਖੀ, ਸਤਪਾਲ, ੳਗ।
260 _aਪਟਿਆਲਾ, ਭਾਰਤ
_bਸੰਗਮ ਪਬਲੀਕੇਸ਼ਨ
_c2021
300 _a215ਪ੍ਰ0
365 _aINR
_b250
650 _aWorld Literature
_9177791
942 _cTB
_hO1,3x 153R1
999 _c1229729
_d1229729